Des Knaben Wunderhorn /

Hlavní autor: Mahler, Gustav, 1860-1911
Korporativní autor: Baborák Ensemble
Další autoři: Kněžíková, Kateřina, 1982-, Cukrová, Markéta, 1972-, Plachetka, Adam, 1985-, Baborák, Radek, 1976-
Jazyk: Němčina
Vydáno: [Praha] : Animal Music, [2021]
Témata:
Fyzický popis: 1 CD audio ; 12 cm
Zvukové nahrávky
Uloženo v:
LEADER 02492njm a2200553 i 4500
001 001812038
003 CZ BrMZK
005 20220325102745.0
007 sd fungnnmmned
008 220114p20212020xr sgnng h n ger
024 3 |a 8594155997343 
028 0 1 |a ANI 099-2  |b Animal Music 
040 |a BOA001  |b cze  |e rda 
041 0 |d ger  |g cze  |g eng 
045 |a w-x- 
072 7 |x Vokální hudba  |a 784  |2 Konspekt  |9 9 
080 |a 784  |2 MRF 
080 |a 784.3/.7.088  |2 MRF 
080 |a (086.76)  |2 MRF 
100 1 |a Mahler, Gustav,  |d 1860-1911  |7 jn19990009922  |4 cmp 
240 1 0 |a Knaben Wunderhorn  |7 aun2010583441 
245 1 4 |a Des Knaben Wunderhorn /  |c Gustav Mahler 
264 1 |a [Praha] :  |b Animal Music,  |c [2021] 
264 4 |c ℗2021 
300 |a 1 CD audio ;  |c 12 cm 
336 |a hraná hudba  |b prm  |2 rdacontent 
337 |a audio  |b s  |2 rdamedia 
338 |a audiodisk  |b sd  |2 rdacarrier 
344 |a digital  |b optical  |2 rda 
347 |a audio soubor  |b CD audio  |2 rda 
500 |a Název z pouzdra 
500 |a Fonogram Petr Ostrouchov (Animal Music) 
500 |a Informace o hudbě česky a anglicky (14 stran) v pouzdru 
505 0 0 |t Tamboursg'sell --  |t Verlorne Müh! --  |t Schildwache Nachtlied --  |t Antonius von Padua Fischpredigt --  |t Rheinlegendchen --  |t Urlicht --  |t Blumine  |g (from the first version os Symphony no. 1) --  |t Irdische Leben --  |t Wer hat dies Liedel erdacht? --  |t Lob des hohen Verstands --  |t Wo die schöne Trompeten blasen --  |t Himmlische Leben --  |t Es dungen drei Engel einen süssen Gesang --  |t Adagietto  |t (from Symphony no. 5) 
511 1 |a Kateřina Kněžíková, soprán ; Markéta Cukrová, mezzosoprán ; Adam Plachetka, bariton ; Baborák Ensemble, Radek Baborák, umělecký vedoucí 
518 |o Nahráno  |d 23.-24. říjen 2020  |p Sono studio, Nouzov 
648 7 |a 19.-20. století  |7 ch757015 
650 0 7 |a vokální hudba  |7 ph116628  |y 19.-20. století  |2 czenas 
650 0 7 |a písňové cykly, úpravy  |7 ph321725  |2 czenas 
655 7 |a kompaktní disky  |7 fd201991  |2 czenas 
700 1 |a Kněžíková, Kateřina,  |d 1982-  |7 osd2014812958  |4 sng 
700 1 |a Cukrová, Markéta,  |d 1972-  |7 mzk2003188773  |4 sng 
700 1 |a Plachetka, Adam,  |d 1985-  |7 pna2009504885  |4 sng 
700 1 |a Baborák, Radek,  |d 1976-  |7 jn19990209011  |4 cnd 
710 2 |a Baborák Ensemble  |7 mzk2009513313  |4 itr 
910 |a BOA001  |b CDR-1479.896 
990 |a AV 
991 |b 202203 
996 6 |b 2610892138  |c CDR-1479.896  |l MZK  |r Sklad / do 24 hodin  |n 0  |p p.v.  |w 001876146  |u 000010  |a 1  |e BOA001  |j MZK50  |s P